000 00813nam a2200241Ia 4500
003 OSt
005 20220923214911.0
006 a|||||r|||| 00| 0
007 ta
008 220922b |||||||| |||| 00| 0 hin d
024 _a173,599
037 _cTextual
040 _aARTS
_cARTS
_bhin
041 _2hin
_ahin
082 _aO152,6M56:g, K4
100 _aशुक्ल, सुरेशचंद्र
_9156365
245 0 _aप्रताप नारायण मिश्र
_b जीवन और साहत्यि
246 _aPratāp nārāyaṇ mishra: jīvan aur sāhatyi
260 _c1964
650 _aहिन्दी साहित्य
_9156264
942 _hO152,6M56:g, K4
_cTEXL
_2CC
999 _c327489
_d327489